[Event "15th Salona"]
[Site "Solin CRO"]
[Date "2007.12.08"]
[Round "2"]
[White "Saric,A"]
[Black "Georgiev,Vl"]
[Result "1/2-1/2"]
[WhiteElo "2441"]
[BlackElo "2576"]

1.d4 d5 2.c4 c6 3.e3 Nf6 4.Nc3 e6 5.Nf3 a6 6.c5 b6 7.cxb6 Nbd7 8.Na4 Nxb6
9.Bd2 Nxa4 10.Qxa4 Bd7 11.Ne5 c5 12.Nxd7 Qxd7 13.Qxd7+ Kxd7 14.dxc5 Bxc5
15.Rc1 Bd6 16.Bd3 Rhb8 17.Rc2 e5 18.Bf5+ Ke7 19.Ke2 g6 20.Bh3 Ne4 21.g3 a5
22.Rd1 a4 23.Bc3 Rb5 24.f4 a3 25.fxe5 Nxc3+ 26.bxc3 Bxe5 27.Bg2 Rd8 28.Rd3 Rb2
29.Rdd2 Rb5 30.Rd3 Rd6 31.Rcd2 Ke6 32.e4 dxe4 33.Rxd6+ Bxd6 34.Bxe4 f5 35.Bc2 Rb2
36.Bb3+ Kf6 37.Kd3 Be5 38.Re2 g5 39.Bd5 g4 40.c4 h5 41.c5 Rb5 42.Kc4 Rb2
43.Kd3 f4 44.gxf4 Bxf4 45.h3 gxh3 46.Rxb2 axb2 47.Kc2 Ke5 48.Bh1 Kd4 49.Kxb2 Bc7
50.Kb3 Kxc5  1/2-1/2

[Event "Bundesliga 2007-8"]
[Site "Bindlach GER"]
[Date "2007.12.09"]
[Round "6"]
[White "Navara,D"]
[Black "Najer,E"]
[Result "0-1"]
[WhiteElo "2656"]
[BlackElo "2635"]

1.Nf3 d5 2.c4 c6 3.d4 Nf6 4.Nc3 e6 5.e3 a6 6.b3 Bb4 7.Bd2 O-O 8.Bd3 Nbd7
9.O-O Bd6 10.Qc2 b6 11.Rad1 Qc7 12.e4 dxc4 13.Bxc4 e5 14.dxe5 Nxe5 15.Nxe5 Bxe5
16.f4 Bd4+ 17.Kh1 b5 18.Bd3 Ng4 19.e5 Qe7 20.Bxh7+ Kh8 21.Bf5 Bxf5 22.Qxf5 Qh4
23.h3 Nf2+ 24.Rxf2 Bxf2 25.Ne4 g6 26.Qd7 Rad8 27.Qxc6 Be3 28.e6 Bxd2 29.Rxd2 Rc8
30.Qd5 Rc1+ 31.Rd1 Rxd1+ 32.Qxd1 fxe6 33.Qd4+ Kg8 34.Qe5 Qxf4 35.Qxe6+ Kg7
36.Qd5 Re8 37.Qd4+ Kh6  0-1

[Event "TCh-HUN 2007-8"]
[Site "Budapest HUN"]
[Date "2007.12.09"]
[Round "4"]
[White "Lenic,L"]
[Black "Szabo,Krisz1"]
[Result "1/2-1/2"]
[WhiteElo "2531"]
[BlackElo "2492"]

1.d4 d5 2.c4 c6 3.Nf3 Nf6 4.e3 e6 5.Nc3 Nbd7 6.Qc2 Bd6 7.g4 h6 8.Bd2 b5 9.cxd5 exd5
10.h3 Qe7 11.Bd3 Nb6 12.O-O b4 13.Na4 Nxa4 14.Qxa4 O-O 15.Ne5  1/2-1/2

[Event "Bundesliga 2007-8"]
[Site "Eppingen GER"]
[Date "2007.12.09"]
[Round "6"]
[White "Golod,V"]
[Black "Ribli,Z"]
[Result "1/2-1/2"]
[WhiteElo "2586"]
[BlackElo "2577"]

1.d4 d5 2.c4 e6 3.Nc3 c6 4.e3 Nf6 5.Nf3 Nbd7 6.Bd3 dxc4 7.Bxc4 b5 8.Bd3 Bb7
9.O-O a6 10.a4 b4 11.Nb1 c5 12.Nbd2 Be7 13.Re1 O-O 14.Nc4 Qc7 15.e4 cxd4
16.e5 Nd5 17.Nxd4 Nc5  1/2-1/2

[Event "Bundesliga 2007-8"]
[Site "Eppingen GER"]
[Date "2007.12.09"]
[Round "6"]
[White "Braun,A"]
[Black "L'Ami,E"]
[Result "1/2-1/2"]
[WhiteElo "2541"]
[BlackElo "2577"]

1.d4 d5 2.c4 c6 3.Nf3 Nf6 4.Nc3 e6 5.e3 Nbd7 6.Qc2 Bd6 7.b3 O-O 8.Bb2 Qe7
9.Be2 Re8 10.O-O b6 11.Rad1 Bb7 12.e4 Nxe4 13.Nxe4 dxe4 14.Qxe4 Rad8 15.Ne5 f5
16.Qe3 Nxe5 17.dxe5 Bc5 18.Qc3 a5 19.Bf3 Qc7 20.Bc1 Rxd1 21.Rxd1 Rd8 22.Rxd8+ Qxd8
23.Be3 Bb4 24.Qa1 Qc7 25.g3 Be7 26.c5 bxc5 27.Be2 c4 28.Bxc4 c5 29.Qd1 Qc6
30.f3 Kf7 31.Kf2 g5 32.Be2 g4 33.h3 h5 34.hxg4 hxg4 35.a4 gxf3 36.Bb5 Qd5
37.Qh1 Kg8 38.Qh6 Qxe5 39.Qg6+ Qg7 40.Qxe6+ Kh8 41.Bc6 f4 42.Bxf4 Qb2+ 43.Kxf3 Bxc6+
44.Qxc6 Qxb3+ 45.Ke4 Qc2+ 46.Ke5 Bf8 47.Qh1+ Kg8 48.Qd5+ Kh8 49.Ke6 Qg6+
50.Kd7 Kh7 51.Kc7 Qf6 52.Be5 Qf5 53.Kc6 c4 54.Bc3 Qg6+ 55.Kb5 Qxg3 56.Qh5+ Kg8
57.Qh8+ Kf7 58.Qf6+ Kg8 59.Qe6+ Kh7 60.Qf7+ Bg7 61.Bxg7 Qxg7 62.Qxc4 Qb7+
63.Kxa5 Qa7+ 64.Kb4 Qb6+ 65.Kc3 Kg6 66.Qb5 Qc7+ 67.Kb4 Kf7 68.a5 Ke7 69.Qb6 Kd7
70.Kb5 Kc8 71.Ka6 Qc4+ 72.Ka7 Qf7+ 73.Ka6 Qc4+ 74.Ka7  1/2-1/2

[Event "Parsvnath ch-Commonwealth"]
[Site "New Delhi IND"]
[Date "2007.12.09"]
[Round "9"]
[White "Kunte,A"]
[Black "Sundararajan,K"]
[Result "1/2-1/2"]
[WhiteElo "2547"]
[BlackElo "2442"]

1.d4 d5 2.c4 c6 3.Nc3 Nf6 4.e3 e6 5.Nf3 Nbd7 6.Qc2 Bd6 7.b3 O-O 8.Bb2 e5
9.dxe5 Nxe5 10.O-O-O Qe7 11.Be2 dxc4 12.bxc4 Ba3 13.Bxa3 Qxa3+ 14.Qb2 Qe7
15.Rd4 Bf5 16.Nxe5 Qxe5 17.g4 Be6 18.h4 b5 19.g5 b4 20.Nd1 c5 21.Rf4 Nd7
22.Qxe5 Nxe5 23.h5 Rfe8 24.Nb2 Bd7 25.Nd3 Rac8 26.Rg1 a5 27.Nxe5 Rxe5 28.Bd3 Rf8
29.Re4  1/2-1/2

[Event "ch-Central Serbia"]
[Site "Vrnjacka Banja SRB"]
[Date "2007.12.12"]
[Round "4"]
[White "Simic,Mi"]
[Black "Lajthajm,B"]
[Result "0-1"]
[WhiteElo "2140"]
[BlackElo "2512"]

1.d4 d5 2.c4 c6 3.Nc3 Nf6 4.Nf3 e6 5.e3 Nbd7 6.Qc2 a6 7.b3 b5 8.Bd3 Bb7 9.O-O dxc4
10.bxc4 b4 11.Na4 c5 12.Nd2 Qc7 13.Ne4 Nxe4 14.Bxe4 Bd6 15.Bxb7 Qxb7 16.dxc5 Nxc5
17.Nxc5 Bxc5 18.Qa4+ Qd7 19.Qa5 Qe7 20.Qa4+ Qd7 21.Qa5 Be7 22.Bb2 O-O 23.Bd4 Rfc8
24.Rfc1 Qc6 25.Rab1 Rab8 26.h3 f6 27.f4 g6 28.Bxf6 Bxf6 29.Rxb4 Qe4 30.Kf2 Rxb4
31.Qxb4 Bh4+  0-1

[Event "Bundesliga 2007-8"]
[Site "Baden Baden GER"]
[Date "2007.12.14"]
[Round "7"]
[White "Kolbus,D"]
[Black "Nielsen,PH"]
[Result "0-1"]
[WhiteElo "2386"]
[BlackElo "2626"]

1.Nf3 d5 2.d4 Nf6 3.c4 e6 4.Nc3 c6 5.e3 Nbd7 6.Bd2 Bd6 7.Qc2 O-O 8.O-O-O b5
9.cxb5 c5 10.e4 Bb7 11.exd5 exd5 12.dxc5 Nxc5 13.Nd4 Nce4 14.Nxe4 Nxe4 15.Be3 Qa5
16.Kb1 Rfc8 17.Qd3 Rc3 18.Qe2 Rac8 19.Nb3 Rxb3 20.axb3 d4 21.Rxd4 Be5 22.Bd2 Nxd2+
23.Rxd2 Rc1+ 24.Kxc1 Qa1+  0-1

[Event "ch-BRA"]
[Site "Rio de Janeiro BRA"]
[Date "2007.12.14"]
[Round "1"]
[White "Vescovi,G"]
[Black "Leitao,R"]
[Result "1/2-1/2"]
[WhiteElo "2617"]
[BlackElo "2601"]

1.d4 d5 2.c4 c6 3.Nf3 Nf6 4.Nc3 e6 5.e3 a6 6.Bd3 dxc4 7.Bxc4 b5 8.Bd3 c5
9.a4 b4 10.Ne4 Nbd7 11.O-O Bb7 12.Ned2 Be7 13.Nc4 O-O 14.Qe2 Qc7 15.Nfe5 Nxe5
16.dxe5 Nd7 17.f4 Nb6 18.b3 Nxc4 19.Bxc4 Qc6 20.Bb2 g6 21.Rad1 Rad8  1/2-1/2

[Event "ch-Central Serbia"]
[Site "Vrnjacka Banja SRB"]
[Date "2007.12.14"]
[Round "7"]
[White "Jokic,Mio"]
[Black "Filipovic,T"]
[Result "1-0"]
[WhiteElo "2174"]
[BlackElo "2010"]

1.d4 d5 2.c4 e6 3.Nc3 c6 4.Nf3 Nf6 5.e3 Be7 6.Bd3 O-O 7.O-O Nbd7 8.b3 b6
9.Bb2 Bb7 10.Qe2 a5 11.e4 dxe4 12.Nxe4 Nxe4 13.Bxe4 Re8 14.Rfd1 Qc7 15.Rac1 Nf6
16.Bb1 Bd6 17.Ne5 g6 18.Qf3 Bxe5 19.dxe5 Nh5 20.Be4 Rac8 21.Rd6 Re7 22.c5 b5
23.Rcd1 Ng7 24.g4 b4 25.Qf4 Rf8 26.R1d3 h5 27.Rh3 Rd7 28.Qg5 hxg4  1-0

[Event "Bundesliga 2007-8"]
[Site "Baden Baden GER"]
[Date "2007.12.15"]
[Round "3"]
[White "Goloshchapov,A"]
[Black "Vallejo Pons,F"]
[Result "1/2-1/2"]
[WhiteElo "2563"]
[BlackElo "2660"]

1.d4 d5 2.c4 c6 3.Nc3 Nf6 4.e3 e6 5.Nf3 Nbd7 6.Qc2 Bd6 7.Bd3 dxc4 8.Bxc4 b5
9.Be2 O-O 10.O-O a6  1/2-1/2

[Event "XVII Magistral"]
[Site "Elgoibar ESP"]
[Date "2007.12.15"]
[Round "8"]
[White "Mirzoev,A"]
[Black "Korneev,O"]
[Result "1/2-1/2"]
[WhiteElo "2545"]
[BlackElo "2587"]

1.d4 d5 2.c4 e6 3.Nc3 c6 4.e3 Nf6 5.Nf3 Nbd7 6.Qc2 Bd6 7.b3 O-O 8.Be2 Re8
9.O-O dxc4 10.bxc4 e5 11.Rd1 exd4  1/2-1/2

[Event "KNSB TCh-NED 2007-8"]
[Site "Netherlands NED"]
[Date "2007.12.15"]
[Round "5"]
[White "Van Ketel,R"]
[Black "Maenhout,T"]
[Result "0-1"]
[WhiteElo "2336"]
[BlackElo "2277"]

1.d4 d5 2.c4 c6 3.Nc3 Nf6 4.e3 e6 5.Nf3 Nbd7 6.Qc2 Bd6 7.g4 h6 8.Bd2 dxc4
9.Bxc4 b5 10.Be2 Bb7 11.Rg1 Rc8 12.g5 hxg5 13.Nxg5 Bxh2 14.Nxf7 Kxf7 15.Qg6+ Ke7
16.Nxb5 Rh7 17.Bb4+ c5 18.dxc5 Nxc5 19.Rg5 Bd6 20.Nxd6 Qxd6 21.Bc3 Be4 22.Qxg7+ Rxg7
23.Rxg7+ Kf8 24.Bxf6 Qh2 25.Kd2 Qxf2 26.Rag1 Nb3+  0-1

[Event "7th Amplico AIG Life"]
[Site "Warsaw POL"]
[Date "2007.12.15"]
[Round "1"]
[White "Adamus,F"]
[Black "Bindrich,F"]
[Result "0-1"]
[WhiteElo "1805"]
[BlackElo "2512"]

1.d4 d5 2.c4 c6 3.Nf3 Nf6 4.e3 e6 5.Nc3 Nbd7 6.Qc2 Be7 7.Bd3 O-O 8.O-O b6
9.b3 Bb7 10.Bb2 Qc7 11.Rfd1 Rad8 12.Rac1 Qb8 13.Ne2 c5 14.cxd5 exd5 15.Ng3 Rfe8
16.Ne5 g6 17.f4 cxd4 18.Bxd4 Nc5 19.Qe2 Ne6 20.Bb2 d4 21.exd4 Nxf4 22.Qf2 Nxd3
23.Rxd3 Bd5 24.Nc6 Bxc6 25.Rxc6 Rd6 26.Rdc3 Qd8 27.Rc1 Rxc6 28.Rxc6 Nd5 29.Qc2 Nb4
30.Qc1 Bg5 31.Qc4 Be3+ 32.Kf1 Nxc6 33.Qxc6 Re6 34.Qc4 Qf6+  0-1

[Event "7th Amplico AIG Life"]
[Site "Warsaw POL"]
[Date "2007.12.15"]
[Round "2"]
[White "Moranda,W"]
[Black "Kulon,K"]
[Result "1-0"]
[WhiteElo "2533"]
[BlackElo "2139"]

1.d4 d5 2.c4 e6 3.Nc3 c6 4.e3 Nf6 5.Nf3 Bd6 6.Bd3 O-O 7.O-O Nbd7 8.e4 dxe4
9.Nxe4 h6 10.Bc2 Bc7 11.c5 b6 12.Re1 bxc5 13.Qd3 Nxe4 14.Rxe4 Nf6 15.Re1 Qd7
16.dxc5 Qxd3 17.Bxd3 Rd8 18.Bc4 Rb8 19.a3 a5 20.b3 e5 21.Bb2 e4 22.Ne5 Rb7  1-0

[Event "7th Amplico AIG Life"]
[Site "Warsaw POL"]
[Date "2007.12.15"]
[Round "4"]
[White "Moranda,W"]
[Black "Zawadzka,J"]
[Result "1-0"]
[WhiteElo "2533"]
[BlackElo "2371"]

1.d4 d5 2.c4 c6 3.Nc3 e6 4.e3 Nf6 5.Nf3 Nbd7 6.Bd3 dxc4 7.Bxc4 b5 8.Bd3 a6
9.e4 c5 10.d5 Bb7 11.dxe6 fxe6 12.O-O Qc7 13.Bc2 Bd6 14.Ng5 Nf8 15.f4 O-O-O
16.Qe1 h6 17.Nh3 c4 18.e5 Bc5+ 19.Kh1 Ng4 20.Ne4 Nd7 21.Qg3 h5 22.Nhg5 Bd5
23.Nc3 Rde8 24.Nxd5 exd5 25.Bf5 Qb6 26.Bxg4 hxg4 27.Qxg4 Qg6 28.Qf3 Ref8
29.Be3 Nxe5 30.Qg3 Bxe3 31.Qxe3 Rxh2+ 32.Kg1 Rfh8 33.fxe5 Qc2 34.Qc5+ Kb8
35.Rf8+  1-0

[Event "7th Amplico AIG Life"]
[Site "Warsaw POL"]
[Date "2007.12.15"]
[Round "7"]
[White "Sakalauskas,V"]
[Black "Mastrovasilis,D"]
[Result "0-1"]
[WhiteElo "2402"]
[BlackElo "2559"]

1.d4 d5 2.c4 c6 3.Nc3 Nf6 4.e3 e6 5.Nf3 Nbd7 6.Qc2 Bd6 7.Bd3 O-O 8.O-O dxc4
9.Bxc4 b5 10.Be2 Bb7 11.Rd1 Qb8 12.e4 e5 13.Bg5 Re8 14.dxe5 Bxe5 15.Nxe5 Qxe5
16.Be3 b4 17.Na4 Qxe4 18.Bd3 Qh4 19.Bf5 Ne5 20.Rd4 Neg4 21.Bf4 Rad8 22.Rxb4 Nd5
23.Bg3 Nxb4 24.Qc5 Qh5 25.Qxb4 Qxf5 26.Qxb7 Qe4 27.Qa6 Rd3 28.Rf1 Rd2 29.Nc3 Qd3
30.Qxc6 Qd7 31.Qc4 Rxb2 32.h3 Nf6 33.Rd1 Qe6 34.Qa4 a6 35.Qa3 Rb6 36.Bf4 Rc6
37.Be3 h6 38.Ne2 Qc4 39.Rc1 Qd5 40.Rxc6 Qxc6 41.Nd4 Qc4 42.Nf5 Qe6 43.Nd4 Qb6
44.Nb3 Qb7 45.Nc5 Qb1+ 46.Kh2 Nd5 47.Qxa6 Qb8+ 48.Kg1 Nxe3 49.fxe3 Qe5 50.Qa3 Qxe3+
51.Qxe3 Rxe3 52.Kf2 Ra3 53.Ne4 Rxa2+ 54.Kg3 Ra3+ 55.Kf2 Ra2+ 56.Kg3 g6 57.Nf2 Ra3+
58.Kh2 Kg7 59.Ng4 f5 60.Ne5 g5 61.Nf3 Kf6 62.Kg1 h5 63.Kf2 Ra2+ 64.Kg3 Ra3
65.Kf2 f4 66.Nd4 g4 67.hxg4 hxg4 68.Ne2 Ke5 69.g3 f3 70.Nf4 Ke4 71.Kf1 Ra2
72.Kg1 Rd2 73.Kf1 Ke3  0-1

[Event "7th Amplico AIG Life"]
[Site "Warsaw POL"]
[Date "2007.12.15"]
[Round "7"]
[White "Dziuba,M"]
[Black "Przybylski,W"]
[Result "0-1"]
[WhiteElo "2538"]
[BlackElo "2395"]

1.d4 d5 2.c4 c6 3.Nc3 Nf6 4.e3 e6 5.Nf3 Nbd7 6.Qc2 Bd6 7.e4 dxe4 8.Nxe4 Nxe4
9.Qxe4 Nf6 10.Qh4 c5 11.Bd3 cxd4 12.O-O b6 13.Re1 Bb7 14.Ne5 Qc7 15.f4 Nd7
16.Nxd7 Qxd7 17.f5 e5 18.f6 gxf6 19.Qxf6 Rg8 20.g3 Qh3 21.Qf2 h5 22.Bf4 f6
23.Qc2 Qg4 24.Bf5 Qf3 25.Re4 Kf7 26.Rf1 d3 27.Qa4 Bc5+  0-1

[Event "7th Amplico AIG Life"]
[Site "Warsaw POL"]
[Date "2007.12.15"]
[Round "7"]
[White "Gluszko,T"]
[Black "Narmontas,M"]
[Result "0-1"]
[WhiteElo "2159"]
[BlackElo "2367"]

1.d4 d5 2.Nf3 c6 3.c4 Nf6 4.e3 e6 5.Nc3 Bd6 6.Qc2 O-O 7.Bd2 Nbd7 8.Bd3 dxc4
9.Bxc4 e5 10.O-O exd4 11.exd4 Nb6 12.Bd3 Bg4 13.Ne5 Bh5 14.Bg5 Bg6 15.Ne4 Be7
16.Bxf6 Bxf6 17.Rad1 Re8 18.Nc5 Qc7 19.f4 Nd5 20.Bxg6 hxg6 21.Rf3 Rad8 22.Ne4 Qb6
23.Kh1 Nb4 24.Qc4 Nd5 25.Qc2 Nb4 26.Qc4 Nd5 27.Rb3 Qc7 28.Rf1 Nb6 29.Rxb6 Bxe5
30.fxe5 axb6 31.Nd6 Rxd6 32.exd6 Qd7 33.d5 c5 34.Qf4 f6 35.Qg3 g5 36.Re1 Rxe1+
37.Qxe1 Kf7 38.Qg3 Qf5 39.Qe1 Qd7 40.Qg3 Qf5 41.Qe1 Qe5 42.Qd1 Qxd6 43.Qh5+ Ke7
44.Qe2+ Kd7 45.Qg4+ Kc7 46.Qd1 Qe5 47.h3 Qd4 48.Qb3 c4 49.Qg3+ Qe5 50.Qf3 Qxb2
51.d6+ Kxd6 52.Qxb7 Qa1+ 53.Kh2 Qe5+ 54.Kh1 Kc5 55.Qc8+ Kb4 56.Qc6 Qe1+ 57.Kh2 Qe5+
58.Kh1 b5 59.Qa6 Qa1+ 60.Kh2 Qe5+ 61.Kh1 c3 62.a3+ Kb3 63.Qa5 c2 64.Qb4+ Ka2
65.Qd2 Qb2 66.Qd5+ Ka1  0-1

[Event "7th Amplico AIG Life"]
[Site "Warsaw POL"]
[Date "2007.12.15"]
[Round "8"]
[White "Jedynak,R"]
[Black "Zawadzki,S"]
[Result "0-1"]
[WhiteElo "2543"]
[BlackElo "2415"]

1.d4 d5 2.c4 e6 3.Nc3 c6 4.e3 Nf6 5.Nf3 Nbd7 6.Bd3 dxc4 7.Bxc4 b5 8.Bd3 a6
9.e4 c5 10.d5 c4 11.dxe6 fxe6 12.Bc2 Qc7 13.O-O Bc5 14.e5 Nxe5 15.Nxe5 Qxe5
16.Qf3 Ra7 17.Ne4 Nxe4 18.Bf4 O-O 19.Bxe5 Rxf3 20.gxf3 Nd2 21.Rfd1 Nxf3+
22.Kg2 Nxe5 23.Rd8+ Kf7 24.Rxc8 Bd4 25.Rd1 Bxb2 26.Rdd8 Ba3 27.Ra8 Rxa8 28.Rxa8 Be7
29.Rxa6 b4 30.Bxh7 g6 31.Bg8+ Kxg8 32.Rxe6 Nd3 33.Rxe7 c3 34.Rc7 c2 35.Rxc2 Ne1+
36.Kf1 Nxc2 37.Ke2 b3 38.axb3 Nd4+ 39.Ke3 Nxb3 40.Kf4 Kg7 41.Kg5 Nd4 42.f4 Ne6+
43.Kg4 Kf6  0-1

[Event "7th Amplico AIG Life"]
[Site "Warsaw POL"]
[Date "2007.12.15"]
[Round "8"]
[White "Lagowski,P"]
[Black "Kempinski,R"]
[Result "0-1"]
[WhiteElo "2341"]
[BlackElo "2596"]

1.d4 d5 2.Nf3 Nf6 3.c4 e6 4.Nc3 c6 5.e3 a6 6.Bd3 dxc4 7.Bxc4 b5 8.Bd3 c5
9.O-O Bb7 10.dxc5 Bxc5 11.Qe2 Nbd7 12.e4 Qb8 13.Bg5 O-O 14.Rac1 Bd6 15.Rfd1 h6
16.Bh4 Bf4 17.Rc2 Rc8 18.a3 Rc5 19.Bxf6 Nxf6 20.g3 Bd6 21.b4 Rc8 22.Rdc1 Nd7
23.Qe3 Qa7 24.Qxa7 Rxa7 25.Ne2 Raa8 26.Ned4 Rxc2 27.Rxc2 Rc8 28.Rxc8+ Bxc8
29.Nc6 Bb7 30.Na5 Ba8 31.Nd4 Be5 32.Nc2 g5 33.Kf1 Bb2 34.Ke2 Ne5 35.Nb3 Nd7
36.Kd2 Kf8 37.f3 Ke7 38.Ncd4 Ne5 39.Be2 g4 40.fxg4 Nc4+ 41.Kc2 Bxe4+ 42.Bd3 Bxd4
43.Bxe4 Nxa3+ 44.Kd3 Bg1 45.Ke2 Kd6 46.h4 f6 47.Bb7 Nc2 48.Bxa6 Kc6 49.Bc8 e5
50.Nd2 Bb6 51.Kd3 Nxb4+ 52.Ke4 Nd5 53.Bb7+ Kxb7 54.Kxd5 Bd8 55.Kd6 Ba5 56.Ne4 b4
57.Kd5 b3 58.Nc5+ Kc7 59.Nxb3 Be1 60.Nc5 Bxg3 61.h5 Bh4 62.Ke6 Kc6 63.Ne4 Kb5
64.Kf5 Kc4 65.Kg6 Kd3 66.Nc5+ Kd4 67.Ne6+ Kd5 68.Nc7+ Kd6 69.Nb5+ Kc5 70.Nc3 Kd4
71.Nb5+ Kd3 72.Kxh6 e4 73.Nd6 e3 74.Nf5 Bg5+ 75.Kg6 e2  0-1

[Event "TCh-HUN 2007-8"]
[Site "Budapest HUN"]
[Date "2007.12.16"]
[Round "5"]
[White "Medvegy,Z"]
[Black "Gonda,L"]
[Result "1/2-1/2"]
[WhiteElo "2512"]
[BlackElo "2502"]

1.d4 d5 2.c4 c6 3.Nc3 Nf6 4.e3 e6 5.Nf3 a6 6.Qc2 c5 7.cxd5 exd5 8.Be2 Nc6
9.Ne5 Qc7 10.Nxc6 Qxc6 11.O-O cxd4 12.exd4 Be6 13.Bf4 Bd6 14.Bg3 O-O 15.Rac1 Bxg3
16.hxg3 Rac8 17.Bd3 Rc7 18.Rfe1 Rfc8 19.Qd2 Qd6 20.a3 g6 21.Qf4 Qxf4 22.gxf4 Kg7
23.Kf1 Nd7 24.Rc2 Nb6 25.Rec1 Rc6 26.b3 h5  1/2-1/2

[Event "ch-Central Serbia"]
[Site "Vrnjacka Banja SRB"]
[Date "2007.12.16"]
[Round "9"]
[White "Drazic,S"]
[Black "Todorovic,GM"]
[Result "1/2-1/2"]
[WhiteElo "2493"]
[BlackElo "2470"]

1.Nf3 d5 2.e3 Nf6 3.c4 e6 4.Nc3 c6 5.d4 Nbd7 6.Qc2 Bd6 7.e4 Nxe4 8.Nxe4 dxe4
9.Qxe4 e5 10.dxe5 O-O 11.Bd3 f5 12.Qe2 Nxe5 13.Nxe5 Bxe5 14.O-O Qf6 15.Re1 Bd4
16.Rb1 Bd7 17.Be3 Rae8 18.Bxd4 Qxd4 19.Qf3 Re5 20.Bf1 Rxe1 21.Rxe1 Bc8  1/2-1/2

[Event "7th Amplico AIG Life"]
[Site "Warsaw POL"]
[Date "2007.12.16"]
[Round "9"]
[White "Sakalauskas,V"]
[Black "Kempinski,R"]
[Result "1-0"]
[WhiteElo "2402"]
[BlackElo "2596"]

1.d4 d5 2.c4 e6 3.Nc3 c6 4.e3 Nf6 5.Nf3 a6 6.Qc2 c5 7.dxc5 Bxc5 8.cxd5 exd5
9.Be2 O-O 10.O-O Nc6 11.Rd1 Bd6 12.Qa4 Be6 13.Nd4 Nxd4 14.Qxd4 Qc7 15.g3 Be5
16.Qd3 Rfd8 17.Bf3 d4 18.exd4 Bxd4 19.Bf4 Qb6 20.Qe2 h6 21.Rac1 Rac8 22.Ne4 Nd5
23.Rxc8 Rxc8 24.Bc1 Nb4 25.Qd2 Nxa2 26.Qxd4 Qxd4 27.Rxd4 Rxc1+ 28.Kg2 Rc2
29.Rd8+ Kh7 30.Ng5+  1-0

[Event "7th Amplico AIG Life"]
[Site "Warsaw POL"]
[Date "2007.12.16"]
[Round "10"]
[White "Jussupow,Ar"]
[Black "Sumets,A"]
[Result "0-1"]
[WhiteElo "2583"]
[BlackElo "2529"]

1.d4 d5 2.c4 c6 3.e3 Nf6 4.Nc3 e6 5.Nf3 a6 6.b3 Bb4 7.Bd2 Qe7 8.Bd3 Nbd7
9.Qc2 e5 10.dxe5 Nxe5 11.Nxe5 Qxe5 12.a3 Bd6 13.f4 Qe7 14.O-O O-O 15.Rf3 Bxa3
16.Kh1 Bb4 17.cxd5 cxd5 18.Bxh7+ Kh8 19.Bf5 Bxf5 20.Qxf5 Qe6 21.Qg5 Qg4 22.Qxg4 Nxg4
23.Nxd5 Bxd2 24.Rh3+ Nh6 25.g4 Rad8 26.e4 Rxd5 27.exd5 Bxf4 28.Rg1 Bg5 29.Rh5 f6
30.h4 Be3 31.g5 Bxg1 32.Kxg1 fxg5 33.hxg5 Rf5 34.d6 g6 35.Rxh6+ Kg7 36.Rh3 Rxg5+
37.Kf2 Rd5 38.Rc3 Kf6 39.Rc7 Rb5 40.Ke3 Ke6 41.Rg7 Rxb3+ 42.Kd4 Kxd6 43.Rxg6+ Kc7
44.Kc4 Rb6 45.Rg7+ Kb8 46.Rg5 Rf6 47.Kb4 Ka7 48.Rg4 Kb6 49.Ka4 a5 50.Rh4 Ka6
51.Rg4 b5+ 52.Kb3 Rf3+ 53.Kb2 a4 54.Ka2 Ka5 55.Rg5 a3 56.Rg4 b4 57.Rg5+ Ka4
58.Rg4 Rf2+ 59.Kb1 Rd2 60.Rh4 Kb3 61.Rh3+ Kc4 62.Rh4+ Kc3 63.Rh3+ Rd3  0-1

[Event "4th SICC Masters"]
[Site "Singapore SIN"]
[Date "2007.12.17"]
[Round "2"]
[White "Laxman,R"]
[Black "Dao Thien Hai"]
[Result "1/2-1/2"]
[WhiteElo "2395"]
[BlackElo "2530"]

1.Nf3 d5 2.d4 Nf6 3.c4 e6 4.Nc3 c6 5.e3 Nbd7 6.Qc2 Bd6 7.Bd3 dxc4 8.Bxc4 O-O
9.O-O Qe7 10.h3 e5 11.a3 Bc7 12.Ba2 Rd8 13.Ng5 Rf8 14.d5 h6 15.Nge4 Nb6 16.dxc6 bxc6
17.Nxf6+ Qxf6 18.e4 Qg6 19.Kh1 Be6 20.Bxe6 Qxe6 21.b3 Nd7 22.Na4 Rab8 23.Rb1 Rb7
24.Rd1 Rfb8 25.Be3 Bb6 26.Rd3 Bxe3 27.Rxe3 Qe7 28.Rd3 Nf8 29.Nc5 Rb5 30.Rc3 Ne6
31.Nxe6 Qxe6 32.Kh2 R5b6 33.Rc4 a5 34.Qc3 Qf6 35.f3 Qd6 36.Ra4 Qe6 37.Rc4 Qd6
38.a4 Qe6 39.Rc5 f6 40.Qxa5 Rxb3 41.Rxb3 Qxb3 42.Rxc6 Kh7 43.Qc7 Rb7 44.Qc8 Rf7
45.Rd6 Qxa4 46.Rd8 f5 47.Rh8+ Kg6 48.Qe6+ Rf6 49.Qxe5 fxe4 50.fxe4 Qd7 51.Qg3+ Kf7
52.Ra8 Rf1 53.Qe5 Kg6 54.Ra3 Kh7 55.Rg3 Qa7 56.Rf3  1/2-1/2

[Event "Open A"]
[Site "Zadar CRO"]
[Date "2007.12.17"]
[Round "3"]
[White "Martinovic,Sa"]
[Black "Saric,A"]
[Result "1-0"]
[WhiteElo "2362"]
[BlackElo "2441"]

1.d4 d5 2.c4 e6 3.Nc3 c6 4.e3 Nf6 5.Nf3 Nbd7 6.Qc2 b6 7.Bd3 Bb7 8.O-O dxc4
9.Bxc4 c5 10.Qe2 a6 11.Rd1 b5 12.Bb3 Qb8 13.d5 e5 14.e4 c4 15.Bc2 Bc5 16.Be3 Qd6
17.Bxc5 Nxc5 18.Qe3 Nfd7 19.b4 cxb3 20.axb3 b4 21.Na4 Rc8 22.Nb2 O-O 23.Nc4 Qb8
24.Nh4 g6 25.Qh6 Rce8 26.Re1 Bc8 27.Nf5 gxf5 28.Re3 Nf6 29.Qg5+  1-0

[Event "57th ch-RUS w"]
[Site "Moscow RUS"]
[Date "2007.12.18"]
[Round "1"]
[White "Matveeva,S"]
[Black "Stepovaia,T"]
[Result "1-0"]
[WhiteElo "2433"]
[BlackElo "2375"]

1.d4 d5 2.c4 c6 3.Nc3 Nf6 4.e3 e6 5.Nf3 Nbd7 6.Qc2 Bd6 7.Bd2 O-O 8.O-O-O b5
9.c5 Bc7 10.Bd3 b4 11.Ne2 a5 12.Ng3 Ba6 13.Bxa6 Rxa6 14.Ne1 Qb8 15.f4 Qb5
16.Qd3 Qxd3 17.Nxd3 Ne4 18.Be1 Ra7 19.Rf1 Ndf6 20.h3 Nxg3 21.Bxg3 Ne4 22.Bh4 f6
23.Nf2 Nxf2 24.Rxf2 a4 25.Kd2 e5 26.fxe5 fxe5 27.Rxf8+ Kxf8 28.Rf1+ Ke8 29.e4 dxe4
30.Ke3 b3 31.a3 h6 32.Kxe4 exd4 33.Kxd4 g5 34.Be1 Bf4 35.Bc3 Ke7 36.Kc4 Rb7
37.Rf3 Rd7 38.Kb4 Bd2 39.Kxa4 Bxc3 40.Rxc3 Rd2 41.g4 Rxb2 42.Rxb3 Rc2 43.Kb4 Kd7
44.Rd3+ Kc7 45.Rf3 Rb2+ 46.Kc4 Rc2+ 47.Kd4 Rd2+ 48.Kc3 Rh2 49.Kb4 Rb2+ 50.Ka4 Rb5
51.Rf7+ Kb8 52.Rh7 Rxc5 53.Rxh6 Kb7 54.Kb4 Re5 55.a4 Rd5 56.Kc4 Ra5 57.Kb4 Rd5
58.a5 Rb5+ 59.Ka4 Rc5 60.Rh8 Rc4+ 61.Kb3 Rc5 62.Kb4 Rb5+ 63.Ka4 Rd5 64.Rf8 Rd4+
65.Kb3 Rd3+ 66.Kb4 Rxh3 67.Rf5 Rh1 68.Rxg5 Rb1+ 69.Kc4 Ka6 70.Rc5 Kb7 71.Kc3 Kc7
72.Rc4 Ra1 73.Rc5 Kd6 74.Rg5 c5 75.a6 Kc6 76.Rg7 Kd5 77.a7 Ra3+ 78.Kb2 Ra6
79.g5 Kc4 80.Rb7 Kd3 81.g6 c4 82.Rd7+  1-0

[Event "4th SICC Masters"]
[Site "Singapore SIN"]
[Date "2007.12.18"]
[Round "3"]
[White "Koh,J"]
[Black "Andador,R"]
[Result "0-1"]
[WhiteElo "2090"]
[BlackElo "2199"]

1.d4 d5 2.Nf3 c6 3.e3 Nf6 4.c4 e6 5.Nc3 Nbd7 6.cxd5 exd5 7.Bd3 Bd6 8.O-O O-O
9.Re1 Re8 10.e4 dxe4 11.Nxe4 Nxe4 12.Rxe4 Rxe4 13.Bxe4 h6 14.Bc2 Qf6 15.Qd3 Nf8
16.Bd2 Bg4 17.Bc3 Bxf3 18.Qxf3 Qxf3 19.gxf3 Ne6 20.Bb3 Nf8 21.Kf1 Rd8 22.Rd1 Be7
23.a4 Bf6 24.Bc4 g5 25.Rd2 Kg7 26.Ke1 Kg6 27.a5 a6 28.Bd3+ Kh5 29.Bf5 Ne6
30.Kf1 Nc7 31.Be4 Nb5 32.d5 Bxc3 33.bxc3 c5 34.c4 Nd6 35.Rb2 f5 36.Bd3 Kg6
37.Bc2 Kf6 38.Bb3 Ke5 39.Rd2 Kf4 40.Kg2 Re8 41.Ba2 Re1 42.Rb2 Nf7 43.Rxb7 Ne5
44.Rb1 Rxb1 45.Bxb1 Nxc4 46.Bd3 Nxa5 47.d6 Nb7 48.d7 a5 49.Bb5 Ke5 50.Kf1 Kd4
51.Ke2 Kc3 52.f4 g4 53.Kd1 c4 54.Kc1 Kb3 55.Bc6 Nd8 56.Bd5 Kc3 57.Bg8 Kd4
58.Kc2 a4 59.Kb2 Kd3 60.Bd5 c3+ 61.Kc1 a3 62.Kd1 c2+ 63.Kc1 Kc3 64.Ba2 Nc6
65.Bf7 Nd4 66.Bc4 a2  0-1

[Event "4th SICC Masters"]
[Site "Singapore SIN"]
[Date "2007.12.18"]
[Round "4"]
[White "Dao Thien Hai"]
[Black "Shen Siyuan"]
[Result "1-0"]
[WhiteElo "2530"]
[BlackElo "2337"]

1.d4 d5 2.c4 c6 3.Nf3 Nf6 4.Nc3 e6 5.e3 Nbd7 6.Qc2 Bd6 7.g4 dxc4 8.Bxc4 Nd5
9.Ne4 Be7 10.a3 b6 11.Ng3 Qc7 12.e4 Nf4 13.e5 Ng2+ 14.Kf1 Nh4 15.Nxh4 Bxh4
16.g5 Bxg3 17.hxg3 g6 18.Bf4 Bb7 19.Rc1 O-O-O 20.Rh4 Kb8 21.Kg1 Ka8 22.Bf1 Nb8
23.Be3 Rc8 24.Bd3 Qd7 25.Qe2 c5 26.dxc5 bxc5 27.Be4 Bxe4 28.Rxe4 Qd5 29.Rg4 Rc7
30.b4 Rhc8 31.Bxc5 Nc6 32.Re1 Rd7 33.Qe4 Qxe4 34.Rgxe4 Nd8 35.Kg2 Nb7 36.Be3 Rc3
37.a4 Nd8 38.Rh1 Ra3 39.b5 Kb7 40.Rxh7 a6 41.Rh8 axb5 42.axb5  1-0

[Event "Open A"]
[Site "Zadar CRO"]
[Date "2007.12.19"]
[Round "5"]
[White "Martinovic,Sa"]
[Black "Jankovic,A"]
[Result "1/2-1/2"]
[WhiteElo "2362"]
[BlackElo "2548"]

1.d4 d5 2.c4 e6 3.Nc3 c6 4.e3 Nf6 5.Nf3 Nbd7 6.Qc2 Bd6 7.e4 Nxe4 8.Nxe4 dxe4
9.Qxe4 Bb4+ 10.Bd2 Bxd2+ 11.Nxd2 c5 12.dxc5 Qc7 13.Be2 Nxc5 14.Qe3 a5 15.O-O O-O
16.Nb3 b6 17.Bf3 Rb8 18.Nd4 Bd7 19.Rfe1 Rfe8 20.Nb5 Bxb5 21.cxb5 Red8 22.Red1 Rxd1+
23.Rxd1 Rd8 24.Rd4 Rxd4 25.Qxd4 Qd7 26.Qf4 Qd8 27.b4 axb4 28.Qxb4 e5 29.h3 Qd4
30.Qa3 g6 31.Qa8+ Kg7 32.Bd5 Nd3 33.Qb7 Qxf2+ 34.Kh2 Qf4+ 35.Kg1 Nc1 36.Qxb6 Ne2+
37.Kh1 e4 38.Qc5 Ng3+ 39.Kg1 Ne2+ 40.Kh1 e3 41.Bf3 Nd4 42.Qc4 Qf6 43.Bd1 Qd6
44.Qd3 Nxb5 45.Qxd6 Nxd6 46.a4 Nc4 47.Be2 Na5 48.g4 Kf6 49.Kg2 Ke5 50.Kf3 Kd4
51.g5 Nb3 52.h4 Na5 53.Kf4 Nb7 54.Kf3 Nd6 55.a5 Kc5 56.a6 Kb6 57.Bd3 Ne8
58.Kxe3 f6 59.Kd4 fxg5 60.hxg5 Nd6 61.Ke5 Nf7+ 62.Kf6 h6 63.Kxf7 hxg5 64.Kxg6 g4
65.Kf5  1/2-1/2